000 00429 a2200169 4500
003 Nust
005 20170207164906.0
040 _cNust
082 _a005.1
100 _aNC Umair Muhammad BESE-15
245 _aProcess Activity Loggerwith Rootkit (Hard / Soft-copy)
_cNC Muhammad Umair
260 _aRawalpindi
_bNUST,MCS
_cJune 2013
300 _a77,p
538 _aAlmirah No,72 Shelf No,6
650 _aRootkit
651 _aBESE-15
942 _cTHS
999 _c210244
_d210244